1899 1895 1307 1274 1114 1546 1395 1103 1055 1409 1510 1832 1370 1305 1739 1697 1088 1875 1706 1718 1374 1569 1532 1333 1210 1150 1771 1567 1790 1556 1750 1166 1844 1233 1190 1370 1213 1333 1612 1333 1408 1543 1465 1320 1981 1784 1128 1568 1991 1522 1752 1746 1833 1711 1745 1267 1528 1331 1920 1247 1527 1631 1981 1628 1000 1152 1043 1719 1977 1320 1474 1874 1397 1995 1857 1217 1272 1039 1048 1224 1818 1802 1274 1736 1951 1972 1643 1425 1050 1357 1661 1290 1423 1186 1997 1521 1789 1676 1843 BCNSPRNW ULIB Ver.6.0+V

เปลี่ยนเป็นภาษาไทย

Change to English
 แสดงรายละเอียดบรรณานุกรม
  กลับหน้าหลัก

Brief Record : Get Marc (ISO 2709) : E-mail record : QR code < ปิดหน้าต่าง
LEADER : 00000nam 2200000uu 4500
001    13399115075
003     ULIB
008    120709s2550||||th 000 0 tha d
020    ^a9789749557600
060 04 ^aW13^bว579พ 2550
100 0  ^aวิทย์ เที่ยงบูรณธรรม.
245 10 ^aพจนานุกรมแพทย์ศาสตร์ 2 =^bMedical sciences
246 31 ^aMedical sciences dictionary.
250    ^a[พิมพ์ครั้งที่ 4].
260    ^aกรุงเทพฯ :^bรวมสาสน์,^c2550.
300    ^a1215 หน้า :^bภาพประกอบ ;^c15 cm.
500    ^aSend to Single Search
591    ^aLILC มีปี 2542
650  0 ^aMedical sciences^xDictionaries.
650  0 ^aEncyclopedias and dictionaries
650  2 ^aDictionaries, Medical.
650  4 ^aวิทยาศาสตร์การแพทย์^xพจนานุกรม.
650  4 ^aแพทยศาสตร์^xพจนานุกรม.
945    ^p1100^l0^i15144
999 ^a ใช้งานได้ทุกระบบ
รายการนี้ยังไม่มีแท็ก
คุณยังไม่ได้ล็อกอิน คุณสามารถมีกิจกรรมร่วมกับเว็บไซต์ได้ แต่ต้องล็อกอินก่อน ::
  ล็อกอิน

รายการสื่อสารสนเทศ

ลำดับที่ ประเภท เลขเรียก/บาร์โค้ด สถานที่ สถานะ
- ไม่พบข้อมูล -

รายการใกล้เคียง
    ผู้แต่ง [วิทย์ เที่ยงบูรณธรรม.]

    หัวเรื่อง [Encyclopedias and dictionaries]
    หัวเรื่อง [Dictionaries, Medical.]

BibComment


ยังไม่เคยถูกคอมเมนท์

คอมเมนท์ทรัพยากรรายการนี้
  คอมเมนท์: พจนานุกรมแพทย์ศา..


 Copyright 2026. Bcnsprnw @Library